书目信息 |
| 题名: |
双色英语语法表解通
|
|
| 作者: | 萧宿荣 , 李生禄 主编 | |
| 分册: | ||
| 出版信息: | 北京 国防工业出版社 2005.01 |
|
| 页数: | xi, 519页 | |
| 开本: | 21cm | |
| 丛书名: | ||
| 单 册: | ||
| 中图分类: | H314-64 | |
| 科图分类: | ||
| 主题词: | 英语--语法--表解 | |
| 电子资源: | ||
| ISBN: | 7-118-03685-4 | |
| 000 | 01047nam0 2200253 450 | |
| 001 | 0159973312 | |
| 005 | 20050922154247.43 | |
| 010 | @a7-118-03685-4@dCNY48.00 | |
| 100 | @a20050725d2005 km y0chiy0120 ea | |
| 101 | 0 | @achi@aeng |
| 102 | @aCN@b110000 | |
| 105 | @aa z 000yy | |
| 200 | 1 | @a双色英语语法表解通@Ashuang se ying yu yu fa biao jie tong@d= Double-color English Illustrated grammar@f萧宿荣, 李生禄主编@Fxiao su rong,li sheng lu zhu bian@zeng |
| 210 | @a北京@c国防工业出版社@d2005.01 | |
| 215 | @axi, 519页@c图@d21cm | |
| 330 | @a本书是一部有关英语语法的表解,该书对英语语法的各个部分进行全方位的讲解、分析,对于那些需要读者特别注意的重要知识点,书中用“真情提示”、“牢记在心”、“例外在线”和“比比看看”栏目来提醒读者注意。 | |
| 333 | @a英语学习者和英语爱好者。 | |
| 510 | 1 | @aDouble-color English Illustrated grammar@zeng |
| 606 | 0 | @a英语@x语法@x表解 |
| 690 | @aH314-64@v4 | |
| 701 | 0 | @a萧宿荣@Axiao su rong@4主编 |
| 701 | 0 | @a李生禄@Ali sheng lu@4主编 |
| 801 | 0 | @aCN@bQSSK@c20050922 |
| 905 | @a10447@dH314-64@eX344 | |
| 双色英语语法表解通= Double-color English Illustrated grammar/萧宿荣, 李生禄主编.-北京:国防工业出版社,2005.01 |
| xi, 519页:图;21cm |
| 使用对象:英语学习者和英语爱好者。 |
| ISBN 7-118-03685-4:CNY48.00 |
| 本书是一部有关英语语法的表解,该书对英语语法的各个部分进行全方位的讲解、分析,对于那些需要读者特别注意的重要知识点,书中用“真情提示”、“牢记在心”、“例外在线”和“比比看看”栏目来提醒读者注意。 |
| ● |
| 相关链接 |
|
|
|
正题名:双色英语语法表解通
索取号:H314-64/X344
 
预约/预借
| 序号 | 登录号 | 条形码 | 馆藏地/架位号 | 状态 | 备注 |
| 1 | 526157 | 205261571 | 语言库209/209语言库 35排7列6层/ [索取号:H314-64/X344] | 在馆 | |
| 2 | 526158 | 205261580 | 语言库209/209语言库 35排7列6层/ [索取号:H314-64/X344] | 在馆 | |
| 3 | 526159 | 205261599 | 语言库209/209语言库 35排7列6层/ [索取号:H314-64/X344] | 在馆 |